[Event "Lovsprings op 10th D"]
[Site "Ringsted"]
[Date "1998.04.17"]
[Round "4"]
[White "Hansen, Arne Mandrup"]
[Black "Reinager, Gunnar"]
[Result "0-1"]
[WhiteElo "1214"]
[BlackElo "1283"]
[PlyCount "100"]
[EventDate "1998.03.13"]
[EventType "swiss"]
[EventRounds "7"]
[EventCountry "DEN"]
[SourceTitle "EXT 2023"]
[Source "ChessBase"]
[SourceDate "2022.10.05"]
[SourceVersion "1"]
[SourceVersionDate "2022.10.05"]
[SourceQuality "1"]

1. d4 d5 2. Bf4 Nf6 3. e3 b6 4. Nf3 e6 5. Nbd2 c5 6. c4 Bb7 7. Ne5 Be7 8. Qa4+ Nbd7 9. 0-0-0 Qc8 10. Kb1 a6 11. Ndf3 Ne4 12. Qxd7+ Qxd7 13. Nxd7 Kxd7 14. Ne5+ Ke8 15. Bg3 f6 16. Nf3 Kd7 17. Rc1 g5 18. Bd3 h5 19. h4 g4 20. Ng1 Nxg3 21. fxg3 dxc4 22. Bxc4 Bxg2 23. Rh2 Be4+ 24. Ka1 b5 25. Bf1 cxd4 26. exd4 Rac8 27. Ne2 Rxc1+ 28. Nxc1 Rc8 29. Nb3 Bd6 30. Rd2 Rc2 31. Rd1 Ke7 32. Bd3 Bxd3 33. Rxd3 Rg2 34. a3 Bxg3 35. d5 Be5 36. Nd2 Bf4 37. Nb3 Rg3 38. Rxg3 Bxg3 39. dxe6 Bxh4 40. Nd4 Be1 41. Nf5+ Kxe6 42. Ne3 g3 43. Kb1 Bd2 44. Ng2 Ke5 45. Kc2 Bg5 46. Kd3 h4 47. Ne1 h3 48. Nf3+ Kf4 49. Ng1 h2 50. Nh3+ Kf3 0-1